Statistics for Top 15 Countries with Covid-19 Cases - 20 November

Click here to take the quiz!

General Stats

  • This quiz has been taken 18 times
  • The average score is 15 of 25

Answer Stats

country% Correct
United States
100%
France
94%
Russia
94%
Spain
94%
United Kingdom
94%
Italy
88%
India
81%
Germany
75%
Mexico
75%
Brazil
69%
Argentina
63%
Iran
63%
Poland
56%
Colombia
50%
Switzerland
50%
Israel
44%
Peru
44%
Bahrain
38%
Kuwait
38%
Panama
38%
Qatar
38%
Belgium
31%
Armenia
25%
Czechia
25%
Slovenia
0%

Score Distribution

Percentile by Number Answered

Percent of People with Each Score

Your Score History

You have not taken this quiz